000
00343nas a2200157 a 4500
001
74231
003
148748
005
20201118111212.0
008
||||||n9999 ||| || ||
245
0
_a
Time - Vol.155 No.1
260
_a
Estados Unidos :
562
_e
1
773
_0
21966
_a
Time
942
_c
SISS
999
_c
74231
_d
74231